1546 1664 1520 1992 1422 1096 1697 1535 1310 1133 1620 1390 1476 1287 1779 1762 1802 1062 1605 1461 1338 1202 1129 1120 1665 1626 1969 1527 1595 1407 1881 1699 1594 1004 1817 1227 1022 1190 1167 1591 1565 1117 1233 1980 1458 1201 1556 1020 1663 1349 1491 1635 1006 1665 1135 1006 1473 1235 1767 1533 1601 1564 1635 1307 1610 1777 1233 1615 1235 1413 1536 1072 1543 1716 1522 1536 1984 1280 1684 1916 1243 1395 1102 1716 1289 1710 1550 1835 1089 1403 1800 1736 1037 1401 1604 1016 1008 1324 1422 BCNSPRNW ULIB Ver.6.0+V

เปลี่ยนเป็นภาษาไทย

Change to English
 แสดงรายละเอียดบรรณานุกรม
  กลับหน้าหลัก

Brief Record : Get Marc (ISO 2709) : E-mail record : QR code < ปิดหน้าต่าง
LEADER : 00000nam 2200000uu 4500
001    13399113512
003     ULIB
008    110824s2552||||th 000 0 tha d
020    9786117057106
090    นว.^bน574ก
100 0  นิตย์ ระวี
245 00 กรุ่นไอพิศวาส/^cนิตย์ ระวี
250    พิมพ์ครั้งที่ 1
260    กรุงเทพฯ :^bSimpy Book,^c2552
300    268 หน้า
710 1  Simpy Book
945    ^p195^l0^i026024
995    ทศพร
999     ^aใช้งานได้ทุกระบบ
รายการนี้ยังไม่มีแท็ก
คุณยังไม่ได้ล็อกอิน คุณสามารถมีกิจกรรมร่วมกับเว็บไซต์ได้ แต่ต้องล็อกอินก่อน ::
  ล็อกอิน

รายการสื่อสารสนเทศ

ลำดับที่ ประเภท เลขเรียก/บาร์โค้ด สถานที่ สถานะ
1. นวนิยาย
นวนิยาย
นว. น574ก ฉ.1 
  Barcode: 026024
ห้องสมุดวิทยาเขตสวรรค์ประชารักษ์
►นวนิยาย
บนชั้น
  ขอยืม

BibComment


ยังไม่เคยถูกคอมเมนท์

คอมเมนท์ทรัพยากรรายการนี้
  คอมเมนท์: กรุ่นไอพิศวาส นิต..


 Copyright 2026. Bcnsprnw @Library